Statistiques concernant Les vainqueurs de la Coupe d'Europe des Vainqueurs de Coupe (C2)

Cliquez ici pour prendre le quiz!

Statistiques générales

  • Ce quiz a été pris 69 fois
  • Le résultat moyen est 25 sur 39

Statistiques - réponses

Année Club % Correct
1968 - ItalieAC Milan
95%
1996 - FranceParis Saint-Germain FC
90%
1994 - AngleterreArsenal FC
86%
1984 - ItalieJuventus FC
86%
1987 - Pays-BasAFC Ajax
83%
1967 - Allemagne de l'OuestFC Bayern München
83%
1976 - BelgiqueRSC Anderlecht
81%
1971 - AngleterreChelsea FC
80%
1991 - AngleterreManchester United FC
80%
1972 - ÉcosseRangers FC
80%
1999 - ItalieSS Lazio
78%
1975 - URSS (Ukraine)Dynamo Kyiv
75%
1962 - EspagneClub Atlético de Madrid
73%
1980 - EspagneValència FC
71%
1977 - Allemagne de l'OuestHamburger SV
68%
1981 - URSS (Géorgie)FC Dinamo Tbilissi
64%
1966 - Allemagne de l'OuestBV 09 Borussia Dortmund
64%
1993 - ItalieParma AC
64%
1979 - EspagneFC Barcelona
63%
1985 - AngleterreEverton FC
59%
1983 - ÉcosseAberdeen FC
54%
1970 - AngleterreManchester City FC
53%
1961 - ItalieAC Fiorentina
53%
1963 - AngleterreTottenham Hotspur FC
49%
1964 - PortugalSporting Clube de Portugal
46%
1988 - BelgiqueKV Mechelen
42%
1990 - ItalieUC Sampdoria
39%
1965 - AngleterreWest Ham United FC
39%
1992 - AllemagneSV Werder Bremen
36%
1995 - EspagneReal Zaragoza
31%
1969 - TchécoslovaquieŠK Slovan Brastislava
27%
1974 - Allemagne de l'EstFC Magdeburg
25%

Distribution des résultats

Percentile par nombre de réponses

% des personnes avec chaque résultat

Votre développement - résultats

Vous n’avez pas pris ce quiz